00393nam a2200157Ia 4500003000400000008004100004040001600045082001300061100001700074245004200091260003100133300001000164490002400174650001500198650002200213GCL140319s9999 xx 000 0 eng d aGCL / cGCL04a843bF P1 aFALLET, RENE10aPARIS AU MOIS D'AOUT / cFALLET, RENE a[S.N] : bDENOEL ، c1993 a209 P aCOLLECTION FOLIOv004aLITERATURE04aFRENCH LITERATURE